Diritto privato attuale / (Record no. 63213)
[ view plain ]
| 000 -LEADER | |
|---|---|
| campo de control de longitud fija | 01218nam a2200241 i 4500 |
| 001 - NÚMERO DE CONTROL | |
| campo de control | 63213 |
| 003 - IDENTIFICADOR DE NÚMERO DE CONTROL | |
| campo de control | ES-MaACL |
| 005 - FECHA Y HORA DE LA ÚLTIMA TRANSACCIÓN | |
| campo de control | 20250809040609.0 |
| 007 - CAMPO FIJO DE DESCRIPCIÓN FÍSICA--INFORMACIÓN GENERAL | |
| campo de control de longitud fija | t| |
| 008 - DATOS DE LONGITUD FIJA--INFORMACIÓN GENERAL | |
| campo de control de longitud fija | 031202s1945 it ||||1| ita d |
| 100 1# - ENTRADA PRINCIPAL--NOMBRE DE PERSONA | |
| Nombre de persona | Ferrara, Luigi. |
| 9 (RLIN) | 50296 |
| 245 10 - MENCIÓN DEL TÍTULO | |
| Título | Diritto privato attuale / |
| Mención de responsabilidad, etc. | Luigi Ferrara. |
| 260 ## - PUBLICACIÓN, DISTRIBUCIÓN, ETC. | |
| Lugar de publicación, distribución, etc. | Roma : |
| Nombre del editor, distribuidor, etc. | Edizioni Italiane, |
| Fecha de publicación, distribución, etc. | [1945] ( |
| Fabricante | Tip. Universita) |
| 300 ## - DESCRIPCIÓN FÍSICA | |
| Extensión | 2 v. ; |
| Dimensiones | 26 cm. |
| 510 ## - NOTA DE CITAS O REFERENCIAS BIBLIOGRÁFICAS | |
| Nombre de la fuente | ICCU, |
| Localización dentro de la fuente | 0063079 |
| 650 #7 - PUNTO DE ACCESO ADICIONAL DE MATERIA--TÉRMINO DE MATERIA | |
| Término de materia o nombre geográfico como elemento de entrada | Derecho civil |
| Fuente del encabezamiento o término | embne |
| 9 (RLIN) | 11656 |
| 852 ## - LOCALIZACIÓN | |
| Ubicación | ES-MaACL |
| Número de control de estantería | D-6423 |
| Sublocalización o colección | R.31866 |
| -- | R.M. 6018 |
| Ubicación en estantería | Sala Valle Inclán |
| Marcas de propiedad | Sello en tinta azul de la Biblioteca del Ateneo de Madrid |
| Anotaciones manuscritas | Anotación manuscrita en cubierta: "10" |
| Designación de la unidad física | v.1 |
| Nota libre | En cubierta:"22. MAR. 1952" |
| -- | Etiqueta: " Santo Vanasia, Madrid, San Mateo, 21/Pts. 93,75" |
| itemnumber | 65605 |
| Signatura antigua | E/M-343 |
| 852 ## - LOCALIZACIÓN | |
| Ubicación | ES-MaACL |
| Número de control de estantería | D-6424 |
| Sublocalización o colección | R.31866 |
| -- | R.M. 6019 |
| Ubicación en estantería | Sala Valle Inclán |
| Marcas de propiedad | Sello en tinta azul de la Biblioteca del Ateneo de Madrid |
| Anotaciones manuscritas | Anotación manuscrita en cubierta: "11" |
| Designación de la unidad física | v.2 |
| Nota libre | En cubierta:"22. MAR. 1952" |
| -- | Etiqueta: " Santo Vanasia, Madrid, San Mateo, 21/Pts. 93,75" |
| itemnumber | 204919 |
| 942 ## - ELEMENTOS DE ENTRADA SECUNDARIOS (KOHA) | |
| Fuente del sistema de clasificación o colocación | Clasificación decimal universal |
| Tipo de ítem Koha | Libro impreso |
| Estatus retirado | Estado de pérdida | Fuente del sistema de clasificación o colocación | Especificación de materiales (volumen encuadernado u otra parte) | Estado de daño | No para préstamo | Biblioteca de origen | Biblioteca actual | Ubicación en estantería | Fecha de adquisición | Total de préstamos | Signatura topográfica completa | Código de barras | Visto por última vez | Precio de reemplazo | Tipo de ítem Koha |
|---|---|---|---|---|---|---|---|---|---|---|---|---|---|---|---|
| Clasificación decimal universal | v.1 | Biblioteca del Ateneo de Madrid | Biblioteca del Ateneo de Madrid | Sala Valle Inclán | 17/01/2008 | D-6423 | 101229772 | 23/02/2023 | 23/02/2023 | Libro impreso | |||||
| Clasificación decimal universal | v.2 | Biblioteca del Ateneo de Madrid | Biblioteca del Ateneo de Madrid | Sala Valle Inclán | 31/03/2025 | D-6424 | 101229771 | 31/03/2025 | 31/03/2025 |
